• 首页
  • 本馆介绍
  • 公告通知
  • 最新文献
  • 馆藏检索
  • 电子资源
  • 读者导购
  • 参考咨询
  • 我的图书馆
  • 登录
  • 详细信息显示
  • 放入我的书架
  • 预约/预借图书
  • 作者相关作品
  • 分类相关作品
  • 丛书相关作品
  • 出版社相关作品

书目信息

  • 表格格式
  • 工作单格式
  • 卡片格式
题名:
二十世纪外国文学史
    
 
作者: 博戈斯洛夫斯基 , Богословский 著 ;傅仲选 译
分册: 第一卷  
出版信息: 成都   四川人民出版社  1984
页数: 478页
开本: 21cm
丛书名:
单 册:
中图分类: I109.4
科图分类:
主题词: 文学--世界
电子资源:
ISBN:
000 00828nam0 2200265 45
001 0184003411
005 20040425140139.5
010    @dCNY2.00
091    @a10118.819
100    @a19950224d1984 em y0chiy0121 ea
101 1  @achi@crus
102    @aCN@b510000
105    @ay z 000zy
106    @ar
200 10 @a二十世纪外国文学史@Aer shi shi ji wai guo wen xue shi@h第一卷@f(苏)博戈斯洛夫斯基(В.Н.Богословский)等著@g傅仲选等译
210    @a成都@c四川人民出版社@d1984
215    @a478页@d21cm
606 0  @a文学@x世界
690    @aI109.4
701  1 @a博戈斯洛夫斯基@Abo ge si luo fu si ji@bВ.Н.@4著
701 A1 @aБогословский@bВ.Н.@4著
702  0 @a傅仲选@Afu zhong xuan@4译
801  0 @aCN@b上海图书馆@c20040425
801  2 @aCN@bNLC@c20040425
905    @dI109.4@e10:1@b121310-311@f2
    
    二十世纪外国文学史.第一卷/(苏)博戈斯洛夫斯基(В.Н.Богословский)等著/傅仲选等译.-成都:四川人民出版社,1984
    478页;21cm
    
    
    ISBN :CNY2.00
    
●
相关链接 在E读中查询图书 在五车中查询图书 在当当中查询图书 在豆瓣中查询图书


正题名:二十世纪外国文学史     索取号:I109.4/10:1         预约/预借

序号 登录号 条形码 馆藏地/架位号 状态 备注
1 0121310   000221174   第二借阅区/ [索取号:I109.4/10:1] 在馆    
2 0121311   000221183   第二借阅区/ [索取号:I109.4/10:1] 在馆    
3 0121312   000221192   第一样本阅览室/ [索取号:I109.4/10:1] 在馆    
唐山师范学院图书馆 欢迎您!
大连网信软件有限公司© 版权所有